000 00515cam a22002171 4500
001 sa 65006940
003 DLC
005 20260227112146.0
008 890514s1964 xx 000 0 hino
010 _asa 65006940
035 _a(OCoLC)23538464
040 _aDLC
_cMiU
_dDLC
042 _apremarc
050 0 0 _aBP70
_b.Z3
100 1 _aZaidi, Nazar,
_d1917-
245 1 0 _aIslām ke nāmvar farzand.
260 _c[1964]
300 _a176 p.
_c19 cm.
500 _aRomanized.
650 0 _aMuslims
_xBiography
999 _c64948
_d64948